UBT Library

Comparative Politics 00/01 (Record no. 529)

000 -LEADER
fixed length control field 00423nam a22001697a 4500
005 - DATE AND TIME OF LATEST TRANSACTION
control field 20141017100537.0
008 - FIXED-LENGTH DATA ELEMENTS--GENERAL INFORMATION
fixed length control field 141017b xxu||||| |||| 00| 0 eng d
020 ## - INTERNATIONAL STANDARD BOOK NUMBER
International Standard Book Number 0072365277
024 #0 - OTHER STANDARD IDENTIFIER
Terms of availability eng
080 ## - UNIVERSAL DECIMAL CLASSIFICATION NUMBER
Universal Decimal Classification number 32.019.5
245 ## - TITLE STATEMENT
Title Comparative Politics 00/01
250 ## -
-- 1 st.ed.;
260 ## -
-- United State America
-- McGraw-Hill
300 ## -
-- 245 f.
-- me il.;
-- 28 cm,
650 ## -
-- Politika Botërore
942 ## - ADDED ENTRY ELEMENTS (KOHA)
Source of classification or shelving scheme
Item type Books
Holdings
Withdrawn status Lost status Source of classification or shelving scheme Damaged status Not for loan Collection code Permanent location Current location Shelving location Date acquired Total Checkouts Full call number Barcode Date last seen Koha item type
          Koleksioni i përgjithshem UBT - Ferizaj UBT - Ferizaj Koleksioni i përgjithshem 10/17/2014   32.019.5 COM 003000905 10/17/2014 Books
          Koleksioni i përgjithshem UBT - Ferizaj UBT - Ferizaj Koleksioni i përgjithshem 10/17/2014   32.019.5 COM 003000906 10/17/2014 Books
          Koleksioni i përgjithshem UBT - Ferizaj UBT - Ferizaj Koleksioni i përgjithshem 10/17/2014   32.019.5 COM 003000907 10/17/2014 Books
          Koleksioni i përgjithshem UBT - Ferizaj UBT - Ferizaj Koleksioni i përgjithshem 10/17/2014   32.019.5 COM 003000908 10/17/2014 Books
          Koleksioni i përgjithshem UBT - Ferizaj UBT - Ferizaj Koleksioni i përgjithshem 10/17/2014   32.019.5 COM 003000909 10/17/2014 Books
          Koleksioni i përgjithshem UBT - Ferizaj UBT - Ferizaj Koleksioni i përgjithshem 10/17/2014   32.019.5 COM 003000910 10/17/2014 Books
          Koleksioni i përgjithshem UBT - Ferizaj UBT - Ferizaj Koleksioni i përgjithshem 10/17/2014   32.019.5 COM 003000911 10/17/2014 Books
          Koleksioni i përgjithshem UBT - Ferizaj UBT - Ferizaj Koleksioni i përgjithshem 10/17/2014   32.019.5 COM 003000912 10/17/2014 Books
          Koleksioni i përgjithshem UBT - Ferizaj UBT - Ferizaj Koleksioni i përgjithshem 10/17/2014   32.019.5 COM 003000913 10/17/2014 Books
          Koleksioni i përgjithshem UBT - Ferizaj UBT - Ferizaj Koleksioni i përgjithshem 10/17/2014   32.019.5 COM 003000914 10/17/2014 Books
UBT Library © 2015-2024. All rights reserved University Education for Business and Technology